北海道の郡(1995年) - Statistics

General Stats
  • This quiz has been taken 74 times
  • The average score is 47 of 67
Answer Stats
Answer % Correct
上川郡
96%
上川郡
96%
上川郡
96%
石狩郡
90%
空知郡
88%
留萌郡
88%
枝幸郡
88%
釧路郡
88%
網走郡
86%
松前郡
82%
宗谷郡
82%
様似郡
82%
標津郡
82%
積丹郡
80%
中川郡
80%
天塩郡
80%
紋別郡
80%
浦河郡
80%
十勝郡
80%
中川郡
80%
厚岸郡
80%
岩内郡
78%
檜山郡
78%
静内郡
78%
瀬棚郡
76%
広尾郡
76%
寿都郡
75%
余市郡
75%
増毛郡
75%
斜里郡
75%
札幌郡
71%
夕張郡
71%
虻田郡
71%
利尻郡
71%
苫前郡
69%
阿寒郡
69%
雨竜郡
67%
奥尻郡
67%
足寄郡
67%
白老郡
65%
上磯郡
65%
礼文郡
65%
新冠郡
65%
河西郡
65%
島牧郡
63%
茅部郡
63%
三石郡
63%
幌泉郡
63%
河東郡
63%
古平郡
61%
浜益郡
59%
勇払郡
59%
亀田郡
59%
白糠郡
59%
樺戸郡
57%
山越郡
57%
常呂郡
57%
目梨郡
55%
厚田郡
53%
爾志郡
53%
久遠郡
51%
古宇郡
47%
有珠郡
45%
磯谷郡
45%
沙流郡
45%
野付郡
45%
川上郡
37%
No matching quizzes found
Score Distribution
Percent of People with Each Score
Percentile by Number Answered
Your Score History
You have not taken this quiz